Responses for show #2348 - Wednesday, November 16, 1994

1994 Tournament of Champions quarterfinal game 3.

Contestants

Bart Thomas, a Senior Tournament winner from Bridgewater, New Jersey

Kurt Bray, a scientist from Oceanside, California

Amy Fine, a wife and mother from Potomac, Maryland

Jeopardy! Round responses

AMERICAN HISTORY
TV TO MOVIE STARS
STATE SYMBOLS
WOMEN
NOTORIOUS
FILE UNDER "B"
    $100 12
Benedict Arnold

Kurt
    $100 26
Tom Hanks

Amy
    $100 7
Chili

Bart
    $100 6
Betty Ford

Bart
    $100 1
Al Capone

Amy
    $100 17
Bacon

Amy
    $200 13
Chocolate

Bart
    $200 27
Billy Crystal

Amy
    $200 8
Butterfly

Bart
    $200 18
Indira Gandhi

Kurt
    $200 2
The Louvre

Amy
    $200 19
Bullfrog

Kurt
    $300 14
Seagulls

Kurt
    $300 28
John Travolta

Kurt
    $300 9
Sugar maple

Triple Stumper
    $300 21
"Battle Hymn of the Republic"

Amy
    $300 3
(B: Who is Jesse James?)

Billy the Kid

AmyBart
    $300 20
Begorrah

Amy
    $400 15
NATO (North Atlantic Treaty Organization)

Kurt
    $400 29
(K: Who is...[time]?)
(Alex: Too bad you forgot that!)

Robin Williams

KurtBart
    $400 10
(K: What is the cuckoo?)

Mockingbird

KurtBart
    $400 22
Betty Friedan

Amy
    $400 4
Jack Ruby

Amy
    $400 24
Benelux

Bart
    $500 16
(K: Ohh, Who is...I have no idea.)

Henry Cabot Lodge, Jr.

Kurt
    $500 30
Michael J. Fox

Amy
    $500 11
Jade

Bart
    $500 23
(B: Who is Martha Graham?)

Isadora Duncan

AmyBart
    $500 5
The trial of Sacco & Vanzetti

Amy
    $500 25
(A: What is Botswana?)

Burundi

AmyBart

Scores at the first commercial break (after clue 15):

Amy Kurt Bart
$1,500 $400 $1,200

Scores at the end of the Jeopardy! Round:

Amy Kurt Bart
$3,400 $200 $2,000

Double Jeopardy! Round responses

20th CENTURY MONARCHS
(Alex: Tough!)
PULITZER PRIZE NOVELS
(Alex: Tough!)
DOGS
(Alex: Fun!)
INVENTORS
GEOGRAPHY
POLITICAL QUOTATIONS
(Alex: Don't mind me, I don't know if they're tough or fun!)
    $200 6
Haile Selassie

Amy
    $200 7
"Gone with the Wind"

Kurt
    $200 1
Weimaraner

Amy
    $200 16
Robert Fulton

Kurt
    $200 21
Nile

Kurt
    $200 26
Republican Party

Kurt
    $400 8
King Hussein

Bart
    $400 12
"The Good Earth"

Amy
    $400 2
Bedlington terrier

Kurt
    $400 17
Cyrus McCormick

Bart
    $400 22
Poland

Kurt
    $400 27
Idi Amin

Bart
    $600 9
Queen Victoria

Amy
    $600 13
"Lonesome Dove"

Amy
    $600 3
Mexican hairless

Amy
    $600 18
Elias Howe

Kurt
    $600 23
Singapore

Kurt
    $600 28
Dianne Feinstein

Kurt
    $800 10
Norway

Kurt
    $800 14
"Humboldt's Gift"

Kurt
    $800 4
German shepherd

Kurt
    $1,500 19
Louis Daguerre

Kurt
    $800 24
Mount Rushmore

Triple Stumper
    $800 29
(A: Who is Hubert Humphrey?)
(B: Who is Ford?)
(K: Who is Mondale?)

Nelson Rockefeller

AmyKurtBart
Triple Stumper
    $1000 11
Sweden

Amy
    $2,000 15
(K: Who is Wendy Wasserstein?)
(Alex: Amy knew that, Kurt didn't; it cost him as a result.)

Anne Tyler

Kurt
    $1000 5
Rhodesian ridgeback

Bart
    $1000 20
(K: Who is Celsius?)

Lord Kelvin

Kurt
Triple Stumper
    $1000 25
Patagonia

Bart
    $1000 30
(K: Who is Schmidt?)
(B: Who is Adenauer?)
(A: Who is Willy Brandt?)

Helmut Kohl

AmyKurtBart
Triple Stumper

Scores at the end of the Double Jeopardy! Round:

Amy Kurt Bart
$5,200 $2,700 $3,400

Final Jeopardy! Round responses

HISTORIC NAMES
KurtWho is Farragut?
$2,650
BartWho is
$3,400
AmyWho was Meade?
$1,601
David Farragut

Final scores:

Amy Kurt Bart
$3,599 $5,350 $0
2nd place: $1,000 if eliminated Automatic semifinalist 3rd place: $1,000 if eliminated

Game dynamics:

Coryat scores:

Amy Kurt Bart
$5,200 $4,500 $3,400
20 R,
3 W
19 R
(including 1 DD),
7 W
(including 2 DDs)
14 R,
4 W

Combined Coryat: $13,100

The J! Archive is created by fans, for fans. The Jeopardy! game show and all elements thereof, including but not limited to copyright and trademark thereto, are the property of Jeopardy Productions, Inc. and are protected under law. This website is not affiliated with, sponsored by, or operated by Jeopardy Productions, Inc. Join the discussion at JBoard.tv.